Một thoáng cô đơn

Zapisane w:
Opis bibliograficzny
1. autor: Một thoáng cô đơn
Format: Książka
Język:Undetermined
Wydane: Hà Nội Hội Nhà Văn 1999
Hasła przedmiotowe:
Etykiety: Dodaj etykietę
Nie ma etykietki, Dołącz pierwszą etykiete!
Thư viện lưu trữ: Trung tâm Học liệu Trường Đại học Cần Thơ
LEADER 00543nam a2200169Ia 4500
001 CTU_35904
008 210402s9999 xx 000 0 und d
082 |a 808.83 
082 |b M458 
100 |a Một thoáng cô đơn 
245 0 |a Một thoáng cô đơn 
245 0 |c Một thoáng cô đơn; Dịch giả: Vũ Đình Bình 
260 |a Hà Nội 
260 |b Hội Nhà Văn 
260 |c 1999 
650 |a short stories - collections ( vietnamese ) 
980 |a Trung tâm Học liệu Trường Đại học Cần Thơ